| 000 | 00879nam a2200253Ia 4500 | ||
|---|---|---|---|
| 003 | OSt | ||
| 005 | 20220927105742.0 | ||
| 006 | a|||||r|||| 00| 0 | ||
| 007 | ta | ||
| 008 | 220926b |||||||| |||| 00| 0 eng d | ||
| 024 | _a201497 | ||
| 037 | _cReference Collections | ||
| 040 |
_aRTL _cRTL _beng |
||
| 041 |
_2eng _aeng |
||
| 082 | _a"X9(J).211.P13<-P14, Q4/GD" | ||
| 100 |
_aECONOMICS AND STATISTICS Department of- _9374745 |
||
| 110 |
_aECONOMICS AND STATISTICS (Department of-) _9374746 |
||
| 245 | 0 |
_aSeason and crop report Tamil Nadu _b 2012-13 (Fasli-1422) |
|
| 260 |
_a"Chennai," _b"MOP, " _c2014 |
||
| 300 |
_a263p _ccm. |
||
| 700 |
_aECONOMICS AND STATISTICS (Department of-) _9374747 |
||
| 942 |
_h"X9(J).211.P13<-P14, Q4/GD" _cCC |
||
| 999 |
_c694404 _d694404 |
||